| 000 | 01073nam a2200301 i 4500 | ||
|---|---|---|---|
| 003 | EG-GICUC | ||
| 005 | 20260430073224.0 | ||
| 008 | 260430s1896 -uk a||fr|||| 001 0 eng d | ||
| 040 |
_aEG-GiCUC _beng _cEG-GiCUC _dEG-GiCUC _erda |
||
| 041 | 1 | _aeng | |
| 082 | 0 | 4 |
_221 _a342.042 _bTA . E |
| 092 | 0 | 4 | _221 |
| 099 | _aLaw1 08 342.042 TA . E 5 ed - 1896 | ||
| 100 | 1 |
_aTaswell-langmead, Thomas Pitt _eAuthor. |
|
| 245 | 1 | 0 |
_aEnglish Constitutional History : _bFrom The Teutonic Conquest To The Present Time / _cBy Thomas Pitt Taswell-langmead. |
| 250 |
_aFifth Edition. Revised Throughout, _bWith Notes By Philip A. Ashworth. |
||
| 264 | 1 |
_aLondon : _bStevens & Haynes, _c1896. |
|
| 300 |
_a669 pages , _c22 cm |
||
| 336 |
_2rda content _atext |
||
| 337 |
_2rda media _aComputer |
||
| 338 |
_2rda carrier _aOnline Resource |
||
| 504 | _aIncludes bibliographical references and index. | ||
| 546 | _aText in English | ||
| 650 | 1 | 4 | _aConstitutional law |
| 856 | 4 | 0 | _uhttps://fll.law.cu.edu.eg/fulltext/bks/B08-00412.pdf |
| 905 | _a48 | ||
| 942 |
_2ddc _cBK _e21 _n0 |
||
| 999 |
_c74372 _d74372 |
||